000 00712nam a2200289Ia 4500
005 20260324122325.0
008 008 260324s9999 xx 000 0 eng d
020 _a9781003420941
037 _aEBOOK
040 _aCRL
040 _beng
040 _cCRL
041 _2eng
041 _aeng
084 _qCRL
100 _aChristopher Tyerman
_91166008
245 4 _aThe Practices of Crusading
245 0 _bImage and Action from the Eleventh to the Sixteenth Centuries
260 _bTaylor and Francis
260 _c2013
365 _a
365 _b230
856 _uhttp://www.taylorfrancis.com/books/9781003420941
942 _cEBOOK
999 _c1758646
_d1758646